000 00547cam a22002055a 4500
005 20090205102808.0
010 _a 2006927179
020 _a1423102762 (alk. paper)
020 _a9781423102762
042 _apcc
100 1 _aMcElroy, Laurie.
_942631
245 1 0 _aSuper sneak /
_cLaurie McElroy.
250 _a1st ed.
260 _aNew York :
_bDisney Press,
_c2006.
263 _a0612
300 _ap. cm.
906 _bibc
_corignew
_d2
_eepcn
_f20
_gy-gencatlg
942 _2ddc
_cBN
999 _c63235
_d63235